Matematická kartografia
Enregistré dans:
| Auteur principal: | |
|---|---|
| Format: | Livre |
| Langue: | slovaque |
| Publié: |
Bratislava :
SVŠT v Bratislave,
1980
|
| Édition: | 2.vyd. |
| Tags: |
Pas de tags, Soyez le premier à ajouter un tag!
|
MARC
| LEADER | 00000nam a22000003a 4500 | ||
|---|---|---|---|
| 001 | stu95028 | ||
| 005 | 20150617225812.9 | ||
| 008 | 050715s1980----cs------------------slo-d | ||
| 040 | |a STU |b slo | ||
| 041 | 0 | |a slo | |
| 044 | |a cs | ||
| 080 | |a 528.9(075.8) | ||
| 100 | 1 | |a Daniš, Michal |4 aut | |
| 245 | 1 | |a Matematická kartografia | |
| 250 | |a 2.vyd. | ||
| 260 | |a Bratislava : |b SVŠT v Bratislave, |c 1980 | ||
| 300 | |a 310s.;schémy.,tab | ||
| 996 | |b 284V023392 |c V*17480/O-6491 |l VVT |s A |a 24 |w stu95028_0001 | ||